| 000 | 00647nam a2200241#a 4500 | ||
|---|---|---|---|
| 001 | 01500 | ||
| 003 | HDC | ||
| 007 | ta | ||
| 008 | 230623s2008 xx 000 0 eng d | ||
| 020 | _a13944428 (pbk.). | ||
| 040 | _aHDC | ||
| 050 |
_ajrn JH BP184.9 _b .J87 2008 |
||
| 245 | 0 | _aJurnal halal | |
| 264 |
_aCyberjaya : _bJabatan Kemajuan Islam Malaysia, _c2008- |
||
| 300 |
_aviii,135p. : _b ill. ; _c 22cm |
||
| 650 |
_aFood technology _vPeriodicals |
||
| 650 |
_aFood _xReligion aspects _vIslam _vPeriodicals |
||
| 700 | _aJabatan Kemajuan Islam Malaysia | ||
| 942 | _2lcc | ||
| 942 | _cBK | ||
| 942 | _kjrn JH BP184.9 | ||
| 942 | _m .J87 2008 | ||
| 999 |
_c23066 _d23066 |
||